連携中枢都市圏を構成する市町村 - Statistics

General Stats
  • This quiz has been taken 39 times
  • The average score is 179 of 373
Answer Stats
% Correct
姫路市
90%
福山市
87%
広島市
87%
岡山市
87%
下関市
84%
呉市
84%
松山市
84%
大分市
81%
高松市
81%
北九州市
81%
静岡市
81%
高岡市
81%
砺波市
81%
八戸市
81%
山口市
81%
長崎市
81%
富山市
81%
岐阜市
81%
倉敷市
77%
宮崎市
77%
久留米市
77%
盛岡市
77%
金沢市
77%
別府市
77%
熊本市
77%
東広島市
77%
焼津市
77%
南砺市
77%
氷見市
77%
新潟市
77%
高知市
77%
相生市
74%
白山市
74%
野々市市
74%
長野市
74%
三次市
74%
廿日市市
74%
射水市
74%
小矢部市
74%
鹿児島市
74%
佐世保市
74%
たつの市
71%
三原市
71%
府中市
71%
府中町
71%
海田町
71%
岩国市
71%
青森市
71%
加古川市
68%
竹原市
68%
菊池市
68%
宇土市
68%
宇城市
68%
玉名市
68%
三条市
68%
燕市
68%
山陽小野田市
68%
舟橋村
68%
南国市
68%
鳥取市
68%
郡山市
68%
札幌市
68%
福井市
68%
赤穂市
65%
播磨町
65%
尾道市
65%
神石高原町
65%
笠岡市
65%
総社市
65%
高梁市
65%
阿蘇市
65%
安芸高田市
65%
江田島市
65%
東温市
65%
新発田市
65%
鯖江市
65%
越前市
65%
山形市
65%
旭川市
65%
佐用町
61%
井原市
61%
内灘町
61%
由布市
61%
南阿蘇村
61%
北広島町
61%
瀬戸内市
61%
宇部市
61%
萩市
61%
防府市
61%
姶良市
61%
土佐市
61%
福島市
61%
上郡町
58%
新見市
58%
かほく市
58%
豊後大野市
58%
東かがわ市
58%
島田市
58%
牧之原市
58%
吉田町
58%
伊予市
58%
玉野市
58%
備前市
58%
真庭市
58%
滑川市
58%
立山町
58%
香美市
58%
新温泉町
58%
西海市
58%
大野市
58%
坂井市
58%
水戸市
58%
甲府市
58%
宍粟市
55%
滝沢市
55%
津幡町
55%
さぬき市
55%
山鹿市
55%
大竹市
55%
熊野町
55%
藤枝市
55%
川根本町
55%
三戸町
55%
五戸町
55%
津山市
55%
時津町
55%
香南市
55%
須崎市
55%
岐南町
55%
平戸市
55%
北広島市
55%
勝山市
55%
あわら市
55%
天童市
55%
山梨市
55%
菊陽町
52%
安芸太田町
52%
直方市
52%
中間市
52%
阿賀野市
52%
赤磐市
52%
美祢市
52%
上市町
52%
いの町
52%
瑞穂市
52%
笠松町
52%
松浦市
52%
千歳市
52%
南越前町
52%
甲斐市
52%
高砂市
48%
加西市
48%
世羅町
48%
大川市
48%
うきは市
48%
千曲市
48%
臼杵市
48%
津久見市
48%
小豆島町
48%
合志市
48%
坂町
48%
行橋市
48%
豊前市
48%
松前町
48%
階上町
48%
五泉市
48%
弥彦村
48%
長与町
48%
智頭町
48%
須賀川市
48%
小樽市
48%
恵庭市
48%
越前町
48%
伊達市
48%
太子町
45%
市川町
45%
神河町
45%
浅口市
45%
早島町
45%
竹田市
45%
大津町
45%
益城町
45%
大崎上島町
45%
和木町
45%
苅田町
45%
聖籠町
45%
日置市
45%
安芸市
45%
羽島市
45%
香美町
45%
二本松市
45%
ひたちなか市
45%
東神楽町
45%
甲州市
45%
中央市
45%
小郡市
42%
紫波町
42%
須坂市
42%
日出町
42%
土庄町
42%
柳井市
42%
水巻町
42%
胎内市
42%
阿賀町
42%
吉備中央町
42%
津和野町
42%
本巣市
42%
岩美町
42%
若桜町
42%
田村市
42%
本宮市
42%
岩見沢市
42%
江別市
42%
上山市
42%
東根市
42%
南アルプス市
42%
笛吹市
42%
稲美町
39%
矢掛町
39%
八幡平市
39%
雫石町
39%
岩手町
39%
田布施町
39%
久万高原町
39%
砥部町
39%
大豊町
39%
土佐町
39%
仁淀川町
39%
北方町
39%
八頭町
39%
石狩市
39%
永平寺町
39%
寒河江市
39%
外ヶ浜町
39%
上川町
39%
綾川町
35%
三木町
35%
玉東町
35%
上関町
35%
浜田市
35%
宮若市
35%
新郷村
35%
和気町
35%
久米南町
35%
大川村
35%
山県市
35%
東彼杵町
35%
波佐見町
35%
小値賀町
35%
佐々町
35%
池田町
35%
村山市
35%
茨城町
35%
大洗町
35%
韮崎市
35%
福崎町
32%
矢巾町
32%
信濃町
32%
直島町
32%
周防大島町
32%
芦屋町
32%
岡垣町
32%
みやこ町
32%
田子町
32%
おいらせ町
32%
田上町
32%
中土佐町
32%
猪苗代町
32%
伊万里市
32%
今別町
32%
蓬田村
32%
那珂市
32%
比布町
32%
桑折町
32%
国見町
32%
北杜市
32%
里庄町
29%
飯綱町
29%
坂城町
29%
山都町
29%
平生町
29%
吉富町
29%
南部町
29%
安田町
29%
佐川町
29%
馬路村
29%
芸西村
29%
大玉村
29%
石川町
29%
三春町
29%
川棚町
29%
新上五島町
29%
有田町
29%
当別町
29%
新篠津村
29%
南幌町
29%
尾花沢市
29%
西川町
29%
大石田町
29%
平内町
29%
笠間市
29%
小美玉市
29%
東海村
29%
鷹栖町
29%
当麻町
29%
東川町
29%
綾町
26%
大刀洗町
26%
大木町
26%
葛巻町
26%
小布施町
26%
美里町
26%
高森町
26%
遠賀町
26%
築上町
26%
いちき串木野市
26%
本山町
26%
日高村
26%
鏡石町
26%
朝日町
26%
城里町
26%
愛別町
26%
美瑛町
26%
昭和町
26%
小川村
23%
御船町
23%
甲佐町
23%
飯南町
23%
川本町
23%
邑南町
23%
小竹町
23%
上毛町
23%
美咲町
23%
津野町
23%
小野町
23%
長沼町
23%
山辺町
23%
大江町
23%
国富町
19%
西原村
19%
嘉島町
19%
美郷町
19%
鞍手町
19%
天栄村
19%
玉川村
19%
平田村
19%
浅川町
19%
古殿町
19%
磐梯町
19%
川俣町
19%
高山村
16%
越知町
16%
中山町
16%
河北町
16%
飯舘村
6%
No matching quizzes found
Score Distribution
Percent of People with Each Score
Percentile by Number Answered
Your Score History
You have not taken this quiz